[Event "ROM-chT"]
[Site "Eforie Nord"]
[Date "2023.09.28"]
[Round "8.3"]
[White "Buzescu, Vladimir"]
[Black "Jianu, Vlad Cristian"]
[Result "0-1"]
[WhiteElo "1591"]
[BlackElo "2502"]
[PlyCount "40"]
[EventDate "2023.09.21"]
[EventType "team-tourn"]
[EventRounds "9"]
[EventCountry "ROU"]
[SourceTitle "CBM 216 Extra"]
[Source "ChessBase"]
[SourceDate "2023.11.30"]
[SourceVersion "1"]
[SourceVersionDate "2023.11.30"]
[SourceQuality "1"]
[WhiteTeam "Urziceni Viitorul"]
[BlackTeam "Bucuresti ASE"]
[WhiteTeamCountry "ROU"]
[BlackTeamCountry "ROU"]

1. d4 Nf6 2. c4 e6 3. Nc3 Bb4 4. Qc2 0-0 5. a3 Bxc3+ 6. Qxc3 b5 7. f3 bxc4 8. e4 d5 9. Bg5 Nxe4 10. Bxd8 Nxc3 11. Bxc7 Nb5 12. Bxb8 Rxb8 13. Ne2 Bd7 14. f4 Rb6 15. Rd1 Nd6 16. g3 Rxb2 17. Bg2 Rfb8 18. Bf3 R8b3 19. Rf1 Nf5 20. Rf2 Rxa3 0-1

[Event "EU-ch Amateur Online Final 1400/1700"]
[Site "Tornelo INT"]
[Date "2021.04.18"]
[Round "4"]
[White "Kyparissopoulos, Spyridon"]
[Black "Buzescu, Vladimir"]
[Result "1-0"]
[WhiteElo "1432"]
[BlackElo "1605"]
[PlyCount "117"]
[EventDate "2021.04.18"]
[EventType "swiss (rapid)"]
[EventRounds "9"]
[EventCountry "NET"]
[SourceTitle "EXT 2023"]
[Source "ChessBase"]
[SourceDate "2022.10.05"]
[SourceVersion "1"]
[SourceVersionDate "2022.10.05"]
[SourceQuality "1"]

1. e4 c5 2. Nf3 Nc6 3. d4 cxd4 4. Nxd4 Nf6 5. Nc3 d6 6. Bb5 Bd7 7. 0-0 a6 8. Bc4 b5 9. Bd5 Nxd5 10. exd5 Nxd4 11. Qxd4 Rb8 12. Bg5 Qb6 13. Qe4 h6 14. Bh4 g5 15. Bg3 f5 16. Qf3 f4 17. Bxf4 gxf4 18. Qxf4 Rg8 19. Rfe1 Bh3 20. g3 Rg4 21. Qf3 Bg7 22. Re2 Be5 23. Rae1 Rg5 24. Ne4 Rf5 25. Qd3 Kd7 26. Kh1 Bg4 27. Rd2 Bf3+ 28. Kg1 Rg8 29. Nc5+ Qxc5 30. Qxf5+ Kc7 31. Qxf3 Rg6 32. Kh1 Rf6 33. Qe2 Rf7 34. f4 Bxb2 35. Qe6 Rg7 36. Rde2 Bc3 37. Rd1 Qc4 38. Re4 Qc5 39. Qxh6 Qf2 40. Qh5 Kb6 41. Re2 Qc5 42. Qf3 Kc7 43. Rd3 Bf6 44. Rde3 a5 45. g4 Bd4 46. Rxe7+ Rxe7 47. Rxe7+ Kb6 48. Re2 Bc3 49. Qe3 Bd4 50. Qe4 b4 51. f5 a4 52. g5 b3 53. axb3 axb3 54. cxb3 Qc1+ 55. Re1 Qc5 56. f6 Bf2 57. Rf1 Be3 58. f7 Bxg5 59. f8Q 1-0

[Event "EU-ch Amateur Online 1400/1700"]
[Site "Tornelo INT"]
[Date "2021.04.17"]
[Round "4"]
[White "Mitzas, Dimitris"]
[Black "Buzescu, Vladimir"]
[Result "0-1"]
[WhiteElo "1394"]
[BlackElo "1605"]
[PlyCount "90"]
[EventDate "2021.04.17"]
[EventType "swiss (rapid)"]
[EventRounds "8"]
[EventCountry "NET"]
[SourceTitle "EXT 2023"]
[Source "ChessBase"]
[SourceDate "2022.10.05"]
[SourceVersion "1"]
[SourceVersionDate "2022.10.05"]
[SourceQuality "1"]

1. e4 c5 2. Nf3 d6 3. d4 cxd4 4. Nxd4 Nf6 5. Nc3 a6 6. a4 g6 7. Be2 Bg7 8. Be3 0-0 9. f3 Nc6 10. 0-0 Nxd4 11. Bxd4 Be6 12. a5 Nd7 13. Nd5 Bxd5 14. exd5 Rc8 15. Bxg7 Kxg7 16. Qd4+ Kg8 17. c4 Nc5 18. Ra3 Qc7 19. b4 Nd7 20. f4 Nf6 21. Rb1 Rfe8 22. b5 e5 23. fxe5 Rxe5 24. Bf1 Nd7 25. bxa6 bxa6 26. Rb6 Nc5 27. Re3 Rxe3 28. Qxe3 Qd7 29. Qf4 Rd8 30. h4 h5 31. Be2 Qe7 32. Bf3 Nd3 33. Qe4 Qxe4 34. Bxe4 Nc5 35. Bf3 Kf8 36. Kf2 Ke7 37. Ke3 Kf6 38. Kf4 Rd7 39. Ke3 Ke5 40. g3 f5 41. Rb8 Re7 42. Rb6 Re8 43. Kd2 Re7 44. Kc3 Rb7 45. Rc6 Rb3+ 0-1

[Event "EU-ch Amateur U1700"]
[Site "Rhodes"]
[Date "2019.04.08"]
[Round "3.7"]
[White "Buzescu, Vladimir"]
[Black "Apostolakis, Ioannis"]
[Result "1/2-1/2"]
[WhiteElo "1620"]
[BlackElo "1439"]
[PlyCount "36"]
[EventDate "2019.04.06"]
[EventType "swiss"]
[EventRounds "9"]
[EventCountry "GRE"]
[SourceTitle "EXT 2024"]
[Source "ChessBase"]
[SourceDate "2023.10.10"]
[SourceVersion "1"]
[SourceVersionDate "2023.10.10"]
[SourceQuality "1"]

1. e4 e5 2. Nf3 Nf6 3. Nc3 Nc6 4. Bb5 d6 5. h3 Bd7 6. d3 Be7 7. 0-0 0-0 8. Bg5 a6 9. Bxc6 Bxc6 10. Re1 Nd7 11. Be3 f5 12. exf5 Rxf5 13. Ne4 h6 14. Nh2 Nf8 15. Qg4 Bd7 16. Qg3 Bh4 17. Qg4 Rg5 18. Qf3 Rf5 1/2-1/2